[Event "Campeonato de Aragon por Equipos 2009"]
[Site "Aragon"]
[Date "2009.03.14"]
[Round "7.55"]
[White "Sanz Lopez Ruben"]
[Black "Lopez Guaita Fernando"]
[Result "0-1"]
[WhiteElo "1891"]
[BlackElo "2062"]

1.d4 d5 2.Nf3 Nf6 3.Bf4 e6 4.e3 Bd6 5.Bg5 Nbd7 6.Bd3 e5 7.dxe5 Nxe5 8.Nxe5
Bxe5 9.c3 c6 10.Nd2 O-O 11.Nf3 Bc7 12.Qa4 h6 13.Bh4 Re8 14.Qd4 Bb6 15.Bxf6
Qxf6 16.Qxf6 gxf6 17.h3 f5 18.O-O Kg7 19.Rfd1 Kf6 20.Rac1 Bd7 21.h4 Rad8 22.g3
c5 23.c4 Bc6 24.Nd2 d4 25.exd4 cxd4 26.c5 Bc7 27.Re1 Bd5 28.a3 Rg8 29.Kh2 Rg4
30.f4 Bxf4 31.gxf4 Rg2+ 32.Kh3 Rxd2 33.Rcd1 Rxb2 34.Re2 Rb3 35.Kh2 Bf3 0-1

[Event "Campeonato de Aragon por Equipos 2009"]
[Site "Aragon"]
[Date "2009.03.14"]
[Round "7.56"]
[White "Sanz Barrionuevo Alberto"]
[Black "Gayan Carceller Miguel Angel"]
[Result "0-1"]
[WhiteElo "2001"]
[BlackElo "1888"]

1.d4 d5 2.c4 e6 3.Nc3 Nf6 4.Nf3 Nbd7 5.e3 Be7 6.Be2 O-O 7.O-O c6 8.a3 a6 9.b3
b5 10.c5 Qc7 11.b4 e5 12.dxe5 Nxe5 13.Nxe5 Qxe5 14.Qd4 Ng4 15.Bxg4 Qxd4 16.
exd4 Bxg4 17.Re1 Bf6 18.Be3 a5 19.f3 Be6 20.Ne2 a4 21.Rad1 Rfe8 22.Nf4 g6 23.
Re2 Re7 24.Bf2 Rae8 25.Rde1 Bf5 26.g4 Rxe2 27.Rxe2 Rxe2 28.Nxe2 Bc2 29.Kg2 Bg5
30.f4 Bf6 31.Kg3 h6 32.Ng1 Be4 33.Ne2 Be7 34.h4 g5 35.hxg5 hxg5 36.Nc3 gxf4+
37.Kxf4 Bc2 38.Ke5 Kf8 39.Be3 Ke8 40.Nxb5 cxb5 41.Kxd5 Kd7 42.c6+ Kc8 43.Ke5
Kc7 44.d5 Bd6+ 45.Kd4 f6 46.g5 fxg5 47.Bxg5 Bg3 48.Be7 Bf2+ 49.Ke5 Bd1 50.Ke6
Bg4+ 51.Ke5 Be3 52.Bd6+ Kc8 53.Be7 Kc7 54.d6+ Kxc6 55.d7 Kxd7 0-1

[Event "Campeonato de Aragon por Equipos 2009"]
[Site "Aragon"]
[Date "2009.03.14"]
[Round "7.57"]
[White "Lucea Valero Alejandro"]
[Black "Casado Dominguez Juan Manuel"]
[Result "0-1"]
[WhiteElo "1968"]
[BlackElo "2180"]

1.Nf3 d5 2.c4 e6 3.g3 Nf6 4.Bg2 c6 5.b3 Be7 6.Bb2 O-O 7.O-O Nbd7 8.d4 a5 9.Nc3
Ne4 10.Nxe4 dxe4 11.Ne5 f5 12.f3 Nxe5 13.dxe5 Qb6+ 14.Bd4 Bc5 15.e3 Bxd4 16.
Qxd4 c5 17.Qd6 Qxd6 18.exd6 exf3 19.Bxf3 Rd8 20.e4 fxe4 21.Bxe4 Ra6 22.d7 Rxd7
23.Rf2 Rad6 24.Raf1 Rd8 25.a3 b6 26.Re1 Rd1 27.Rxd1 Rxd1+ 28.Kg2 Rd4 29.Kf3 g6
30.Ke3 Kg7 31.g4 Ba6 32.h4 a4 33.Rb2 axb3 34.Rxb3 Bxc4 35.Rxb6 Bd5 36.Bxd5
exd5 37.g5 Rxh4 38.Rb7+ Kf8 39.Rd7 Rh3+ 40.Kf4 Rxa3 41.Rxd5 0-1

[Event "Campeonato de Aragon por Equipos 2009"]
[Site "Aragon"]
[Date "2009.03.14"]
[Round "7.58"]
[White "De la Riva Fernandez Eduardo"]
[Black "Minguez Guinda Andres"]
[Result "1-0"]
[WhiteElo "1972"]
[BlackElo "1942"]

1.e4 c5 2.Nf3 Nc6 3.d4 cxd4 4.Nxd4 Nf6 5.Nc3 d6 6.Be2 a6 7.Be3 e5 8.Nb3 Be7 9.
O-O O-O 10.a4 Be6 11.Bg5 Nxe4 12.Bxe7 Nxc3 13.Bxd8 Nxd1 14.Bc7 Nxb2 15.Bxd6
Rfd8 16.Bc7 Rdc8 17.Bd6 Bc4 18.Rfb1 Bxe2 19.Rxb2 f6 20.f4 exf4 21.Bxf4 b5 22.
Kf2 bxa4 23.Nc5 Bb5 24.Nxa4 Ra7 25.Nb6 Re8 26.c4 Bxc4 27.Nxc4 Re4 28.Be3 Rae7
29.Rc2 a5 30.Rc3 f5 31.Nd6 R4e6 32.Rxc6 Rxe3 33.Rc8+ 1-0

[Event "Campeonato de Aragon por Equipos 2009"]
[Site "Aragon"]
[Date "2009.03.14"]
[Round "7.59"]
[White "Buil Montanes Carlos"]
[Black "Machin Torcal Eduardo"]
[Result "1-0"]
[WhiteElo "1898"]
[BlackElo "1896"]

1.c4 c5 2.Nc3 Nc6 3.Nf3 g6 4.g3 Bg7 5.Bg2 Nf6 6.O-O O-O 7.a3 d6 8.Rb1 b6 9.b4
Bb7 10.bxc5 dxc5 11.d3 Ne8 12.Ne4 Nd6 13.Nxd6 exd6 14.Bb2 Re8 15.Bxg7 Kxg7 16.
Qd2 d5 17.cxd5 Qxd5 18.e4 Qd7 19.Qc3+ Nd4 20.Nxd4 Qxd4 21.Qxd4+ cxd4 22.Rfc1
Rac8 23.Kf1 Ba6 24.Ke2 f5 25.Kd2 Rxc1 26.Rxc1 Rc8 27.Rxc8 Bxc8 28.e5 g5 29.f4
h6 30.Bd5 Kf8 31.Kc2 Bd7 32.Kb3 Bb5 33.Bc4 Bc6 34.Be6 Bb5 35.Bxf5 a5 36.Be6
Ke7 37.Bc4 Bd7 38.Bd5 b5 39.h4 gxh4 40.gxh4 Bf5 41.Kc2 Bd7 42.Kd2 Bg4 43.Bc6
b4 44.axb4 axb4 45.Bd5 Bd7 46.Bc4 Bg4 47.Kc2 1-0

[Event "Campeonato de Aragon por Equipos 2009"]
[Site "Aragon"]
[Date "2009.03.14"]
[Round "7.60"]
[White "Requena Munguira Jorge"]
[Black "Lencina Orodea Javier"]
[Result "1-0"]
[WhiteElo "1859"]
[BlackElo "1803"]

1.d4 d5 2.c4 c6 3.Nc3 Nf6 4.Nf3 e6 5.e3 Be7 6.Bd3 dxc4 7.Bxc4 b5 8.Bd3 Nbd7 9.
Bd2 Bb7 10.a3 a6 11.b4 h5 12.Ke2 h4 13.h3 Rh5 14.Qb3 Qb6 15.Rhe1 e5 16.Ne4
Nxe4 17.Bxe4 g6 18.Bb1 exd4 19.exd4 Rd5 20.Be3 Bf6 21.Be4 Rd6 22.Ra2 Re6 23.
Bxg6 Bxd4 24.Bxf7+ Kxf7 25.Ng5+ 1-0

[Event "Campeonato de Aragon por Equipos 2009"]
[Site "Aragon"]
[Date "2009.03.14"]
[Round "7.62"]
[White "Carruez Berges Santiago"]
[Black "Jaques Burguete Raul"]
[Result "1-0"]
[WhiteElo "2124"]
[BlackElo "2100"]

1.Nf3 d5 2.c4 c6 3.b3 Nf6 4.Bb2 Bg4 5.Ne5 Nbd7 6.Nxg4 Nxg4 7.cxd5 cxd5 8.Nc3
d4 9.Nb5 e5 10.Rc1 Rc8 11.Rxc8 Qxc8 12.e3 Ndf6 13.exd4 a6 14.dxe5 Ne4 15.e6 f5
16.Bc4 axb5 17.Bxb5+ Kd8 18.O-O Nexf2 19.Qe2 Qc7 20.g3 Qb6 21.d4 Ne4 22.Rxf5
Ngf6 23.Bd3 Nd6 24.Re5 Be7 25.Bc3 Ke8 26.Rc5 Qd8 27.Qf3 b6 28.Rg5 Qc7 29.Rxg7
Qxc3 30.Bg6+ Kf8 31.Qxc3 Kxg7 32.Qc7 Nc8 33.Bd3 Rd8 34.Qf4 h6 35.Qf5 Nd6 36.
Qg6+ Kh8 37.Qxh6+ Kg8 38.g4 Nde8 39.g5 Ng4 40.Qh7+ 1-0

[Event "Campeonato de Aragon por Equipos 2009"]
[Site "Aragon"]
[Date "2009.03.14"]
[Round "7.63"]
[White "Alvarez Gonzalo Miguel Angel"]
[Black "Larrosa Poves Jose Manuel"]
[Result "0-1"]
[WhiteElo "1917"]
[BlackElo "2080"]

1.c4 c5 2.g3 Nf6 3.Bg2 g6 4.Nc3 Bg7 5.Nf3 O-O 6.O-O Nc6 7.a3 d5 8.cxd5 Nxd5 9.
Nxd5 Qxd5 10.d3 b6 11.Ng5 Qd7 12.Qa4 Bb7 13.Rb1 Rfd8 14.Qh4 h5 15.Ne4 Nd4 16.
Re1 f5 17.Nc3 Bxg2 18.Kxg2 Bf6 19.Bg5 Kf7 20.e4 Qc6 21.f3 Bxg5 22.Qxg5 Qf6 23.
Qxf6+ Kxf6 24.Rbd1 e6 25.e5+ Ke7 26.Kf2 Rd7 27.Ne2 Nxe2 28.Kxe2 Rad8 29.Ke3
Rd4 30.h4 R4d5 31.f4 c4 32.Re2 Rxd3+ 33.Rxd3 Rxd3+ 34.Kf2 Kd7 35.Re3 Rd2+ 36.
Re2 Rxe2+ 37.Kxe2 Kc6 38.Kd2 Kc5 39.Kc3 b5 40.b4+ cxb3 41.Kxb3 a5 42.Kc3 b4+
43.axb4+ axb4+ 44.Kb3 Kb5 45.Kb2 Kc4 46.Kc2 b3+ 47.Kb2 Kb4 48.Kb1 Kc3 49.Kc1
b2+ 50.Kb1 Kb3 51.g4 hxg4 52.h5 g3 0-1

[Event "Campeonato de Aragon por Equipos 2009"]
[Site "Aragon"]
[Date "2009.03.14"]
[Round "7.64"]
[White "Larrosa Moles Marcos"]
[Black "Solanas Godes Beatriz"]
[Result "1/2-1/2"]
[WhiteElo "1873"]
[BlackElo "1773"]

1.d4 d5 2.Nf3 Nf6 3.e3 e6 4.Bd3 Nbd7 5.O-O c5 6.c3 Bd6 7.Re1 O-O 8.Nbd2 e5 9.
e4 dxe4 10.Nxe4 Nxe4 11.Bxe4 exd4 12.cxd4 Nf6 13.Bb1 Bg4 14.h3 Bh5 1/2-1/2

[Event "Campeonato de Aragon por Equipos 2009"]
[Site "Aragon"]
[Date "2009.03.21"]
[Round "8.1"]
[White "Baron Rodriguez Jesus"]
[Black "Salamero Pelay Fernando"]
[Result "1-0"]
[WhiteElo "2422"]
[BlackElo "2167"]

1.e4 c5 2.Nf3 d6 3.d4 cxd4 4.Nxd4 Nf6 5.Nc3 a6 6.Bg5 e6 7.f4 Nc6 8.Nxc6 bxc6
9.e5 h6 10.Bh4 g5 11.fxg5 Nd5 12.Ne4 Qb6 13.c3 Qxb2 14.Rb1 Qxa2 15.g6 fxg6 16.
exd6 Bg7 17.d7+ Bxd7 18.Rb7 O-O 19.Rxd7 Bxc3+ 20.Nxc3 Nxc3 21.Qg4 g5 22.Bc4
Qb1+ 23.Kd2 Ne4+ 24.Ke3 Qb6+ 25.Kxe4 Rf4+ 26.Qxf4 gxf4 27.Bxe6+ Kf8 28.Rhd1
Qb5 29.Bf6 Qe2+ 30.Kf5 Qh5+ 31.Kxf4 Qxh2+ 32.Kf3 Qh5+ 33.g4 Qh3+ 34.Kf4 Qh2+
35.Kf5 Qc2+ 36.R1d3 Rb8 37.Kg6 1-0

[Event "Campeonato de Aragon por Equipos 2009"]
[Site "Aragon"]
[Date "2009.03.21"]
[Round "8.2"]
[White "Gella Bitrian Diego"]
[Black "Baron Rodriguez Jorge"]
[Result "0-1"]
[WhiteElo "1864"]
[BlackElo "2346"]

1.e4 c5 2.Nf3 d6 3.d4 cxd4 4.Nxd4 Nf6 5.Nc3 a6 6.Be3 e5 7.Nb3 Be6 8.f3 Nbd7 9.
Qd2 b5 10.g4 Nb6 11.Na5 b4 12.Ne2 d5 13.Nc6 Qc7 14.Nxe5 Bd6 15.g5 Bxe5 16.gxf6
Nc4 17.Qd3 Nxb2 18.Qb3 dxe4 19.Qxb4 Rb8 20.Qxe4 Bxf6 21.Bd4 Bxd4 22.Nxd4 Qc3+
23.Kf2 O-O 24.Bxa6 Rb4 25.Ne2 Qc5+ 26.Qe3 Qxc2 27.Qc3 Qa4 28.Bd3 Rc8 29.Qd2
Nxd3+ 30.Qxd3 Rb2 31.Rhc1 Qh4+ 32.Kg1 Rxc1+ 33.Rxc1 Rxe2 34.Qxe2 Qg5+ 35.Kf2
Qxc1 0-1

[Event "Campeonato de Aragon por Equipos 2009"]
[Site "Aragon"]
[Date "2009.03.21"]
[Round "8.3"]
[White "Forcen Esteban Daniel"]
[Black "Biarge Carnicer Arturo"]
[Result "1-0"]
[WhiteElo "2169"]
[BlackElo "1858"]

1.e4 c5 2.Nc3 d6 3.f4 Nf6 4.Nf3 Nc6 5.Bc4 g6 6.d3 Bg7 7.f5 O-O 8.O-O Nd7 9.Bg5
Nb6 10.Bb3 Nd4 11.Nxd4 Bxd4+ 12.Kh1 Qc7 13.Nb5 Qd7 14.Nxd4 cxd4 15.Bh6 Rd8 16.
fxg6 hxg6 17.Rxf7 d5 18.Rg7+ Kh8 19.Rxg6 1-0

[Event "Campeonato de Aragon por Equipos 2009"]
[Site "Aragon"]
[Date "2009.03.21"]
[Round "8.4"]
[White "Bellosta Lopez Pablo"]
[Black "Antolin Concha Diego"]
[Result "0-1"]
[WhiteElo "1835"]
[BlackElo "2122"]

1.e4 c5 2.Nf3 d6 3.d4 cxd4 4.Nxd4 Nf6 5.Nc3 a6 6.Be3 e5 7.Nb3 Be6 8.f3 Be7 9.
Qd2 Nbd7 10.O-O-O b5 11.g4 b4 12.Nd5 Bxd5 13.exd5 Nb6 14.Qxb4 Nfxd5 15.Bxb6
Nxb6 16.Bxa6 O-O 17.Bd3 d5 18.Qb5 Qc7 19.Kb1 Rfb8 20.c3 Qa7 21.Kc1 Nc4 22.Qxd5
Bg5+ 23.Rd2 Nxd2 24.Nxd2 Qe3 25.Be4 Ra5 26.Qd3 Rxa2 27.Bxh7+ Kh8 28.Qxe3 Bxe3
29.Be4 Ra1+ 30.Bb1 Bxd2+ 0-1

[Event "Campeonato de Aragon por Equipos 2009"]
[Site "Aragon"]
[Date "2009.03.21"]
[Round "8.5"]
[White "Cuenca Jimenez Jose Francisco"]
[Black "Glavina Rossi Pablo"]
[Result "1/2-1/2"]
[WhiteElo "2427"]
[BlackElo "2465"]

1.Nf3 d5 2.d4 Nf6 3.c4 e6 4.Nc3 Be7 5.Bg5 O-O 6.e3 Nbd7 7.Rc1 dxc4 8.Bxc4 a6
9.O-O b5 10.Be2 Bb7 11.Qc2 Rc8 12.Rfd1 c5 13.dxc5 Rxc5 14.b4 Rc7 15.Qb2 h6 16.
Bh4 Bxf3 17.gxf3 Qc8 18.Bg3 Rc6 19.a4 bxa4 20.b5 axb5 21.Bxb5 Rc5 22.Bxa4 Rd8
23.Ne4 Nxe4 24.fxe4 Nb6 25.Rxc5 Qxc5 26.Rxd8+ Bxd8 27.Bb3 Bf6 28.Qc2 Qb4 29.
Qd3 Qc5 30.Kf1 h5 31.Bd6 Qc1+ 32.Kg2 Qc6 33.f3 Nd7 34.Bc2 g6 35.h3 Kh7 36.f4
Bb2 37.Bd1 Kg7 38.Bf3 e5 39.Bb4 Nf6 40.Bd2 Qa4 41.Be1 Nd7 42.Bd1 Qc6 43.Bf3
Qc7 44.Bd2 Ba1 45.Qb3 Qa7 46.Qd5 Nf6 47.Qd3 Qa2 48.Kf1 Bb2 49.Qc2 Qa1+ 50.Kg2
Qa3 51.Qc4 Qa1 52.Qc2 exf4 53.exf4 Bd4 54.Bc1 Nd7 55.Qd1 Nc5 56.f5 Nb3 57.Bf4
Qb2+ 58.Qe2 Qa1 1/2-1/2

[Event "Campeonato de Aragon por Equipos 2009"]
[Site "Aragon"]
[Date "2009.03.21"]
[Round "8.6"]
[White "Moreno Gracia Daniel"]
[Black "Fontana Sotomayour Luis Javier"]
[Result "1/2-1/2"]
[WhiteElo "2212"]
[BlackElo "2340"]

1.c4 Nc6 2.Nc3 e5 3.g3 g6 4.Bg2 Bg7 5.Nf3 d6 6.d3 f5 7.O-O h6 8.Rb1 Nf6 9.b4
Be6 10.b5 Ne7 11.c5 b6 12.cxd6 cxd6 13.Ba3 Rc8 14.Rc1 O-O 15.Qa4 Qd7 16.Qb4
Rc5 17.Na4 Rxc1 18.Rxc1 Nc8 19.Nc3 Rd8 20.e4 Qf7 21.Rc2 g5 22.exf5 Bxf5 23.Rd2
Be6 24.Qb1 Nd5 25.Ne4 g4 26.Ne1 Nde7 27.f3 d5 28.Nf2 h5 29.d4 exd4 30.Bb2 Nd6
31.Bxd4 Nc4 32.Rd1 Bf5 33.Qc1 Bxd4 34.Rxd4 Qf6 35.Qc3 Rc8 36.Rxg4+ Kf7 37.
Qxf6+ Kxf6 38.Rf4 Ne3 39.Nfd3 Ng6 40.Rd4 Rc4 41.Rxc4 dxc4 42.Nc1 Ne5 43.f4 Nd3
44.Nexd3 cxd3 45.Nb3 Nc4 46.Bf3 d2 47.Bxh5 Bc2 48.Nd4 d1=Q+ 49.Bxd1 Bxd1 50.
Nc6 Nd6 51.Nxa7 Ba4 52.Kf2 Bxb5 53.Nxb5 Nxb5 54.Ke3 Nc3 55.Kd4 Nxa2 1/2-1/2

[Event "Campeonato de Aragon por Equipos 2009"]
[Site "Aragon"]
[Date "2009.03.21"]
[Round "8.7"]
[White "Antoli Royo Joaquin Miguel"]
[Black "Quintin Navarro Alberto"]
[Result "1-0"]
[WhiteElo "2323"]
[BlackElo "2098"]

1.e4 c5 2.Nf3 d6 3.d4 Nf6 4.Nc3 cxd4 5.Qxd4 e5 6.Bb5+ Bd7 7.Qd3 Bxb5 8.Qxb5+
Qd7 9.Bg5 a6 10.Qb3 Qc6 11.Bxf6 gxf6 12.Nd5 Nd7 13.Nh4 Rg8 14.g3 Rg4 15.Qf3
Rxh4 16.gxh4 Rc8 17.O-O Be7 18.c3 Nb6 19.Nxb6 Qxb6 20.Qf5 Rc4 21.Rad1 Qxb2 22.
Rb1 Qe2 23.Rfe1 Qd2 24.Re3 b5 25.Rb4 Rxc3 26.Rxc3 Qxc3 27.Rb3 Qc1+ 28.Kg2 Qh6
29.Rg3 Qc1 30.Qxh7 Qf4 31.h5 Bf8 32.h3 Ke7 33.Rf3 Qg5+ 34.Kh2 b4 35.Rg3 Qf4
36.Kg2 a5 37.Rg4 Qd2 38.Qf5 Qc1 39.Qf3 a4 40.Qd3 Qc6 41.Qd5 Qxd5 42.exd5 b3
43.Rxa4 bxa2 44.Ra7+ Ke8 45.f4 Bh6 46.f5 Kf8 47.Rxa2 Be3 48.Ra6 Bc5 49.Rc6 Bb4
50.h6 Kg8 51.Kf3 Kh7 52.Rc7 Kg8 53.h7+ Kxh7 54.Rxf7+ Kg8 55.Rxf6 1-0

[Event "Campeonato de Aragon por Equipos 2009"]
[Site "Aragon"]
[Date "2009.03.21"]
[Round "8.8"]
[White "Labena Bernal Antonio"]
[Black "Cortes Lizano Jesus"]
[Result "1/2-1/2"]
[WhiteElo "2002"]
[BlackElo "2231"]

1.e4 c6 2.d4 g6 3.Nc3 Bg7 4.g3 d5 5.exd5 cxd5 6.Bg2 Nf6 7.Nge2 Nc6 8.O-O O-O
9.Bg5 e6 10.Qd2 Na5 11.b3 b6 12.Na4 Ba6 13.c4 Rc8 14.cxd5 exd5 15.Rfe1 Qd6 16.
Nac3 Ne4 17.Nxe4 dxe4 18.Bxe4 Rfe8 19.Bg2 Bxe2 20.Rxe2 Qxd4 21.Qxd4 Bxd4 22.
Rxe8+ Rxe8 23.Rd1 Bc5 24.Rd8 Kf8 25.Bh6+ Ke7 26.Bg5+ Kf8 27.Rxe8+ Kxe8 28.Bd5
Kd7 29.Bxf7 Bf8 30.Bd2 Nc6 31.Bc3 Nb4 32.a3 Na6 33.Bb2 Nc5 34.Bc4 Nb7 35.Kg2
Nd6 36.Bd5 Nf5 37.h4 h6 38.Be4 Ke6 39.Bxf5+ Kxf5 40.Kf3 h5 41.Ke3 Bc5+ 42.Kf3
b5 43.b4 Bb6 44.Bc1 a6 45.Be3 Bc7 46.Bd4 Bd6 47.Ke3 Bf8 48.Bh8 Kg4 49.Ke2 Kf5
50.Kd3 Kg4 51.Ke4 Bh6 52.Bb2 Bd2 53.Kd3 Bh6 54.Ke4 Bd2 1/2-1/2

[Event "Campeonato de Aragon por Equipos 2009"]
[Site "Aragon"]
[Date "2009.03.21"]
[Round "8.9"]
[White "Garza Marco Sergio"]
[Black "Llorente Zaro Alfonso"]
[Result "1-0"]
[WhiteElo "2386"]
[BlackElo "2403"]

1.d4 Nf6 2.c4 g6 3.Nc3 Bg7 4.Nf3 O-O 5.Bg5 h6 6.Bh4 g5 7.Bg3 Nh5 8.e3 d6 9.Bd3
e6 10.Nd2 Nxg3 11.hxg3 f5 12.g4 Nc6 13.a3 Ne7 14.gxf5 exf5 15.Qc2 f4 16.O-O-O
Nf5 17.Nf1 fxe3 18.fxe3 c6 19.Qe2 Be6 20.Bc2 Nh4 21.Ng3 Bf7 22.Rdf1 Qe8 23.
Nce4 Rd8 24.Nf6+ Bxf6 25.Rxf6 Kg7 26.Rxh6 Bg8 27.Rh5 Qe7 28.R1xh4 gxh4 29.Qg4+
1-0

[Event "Campeonato de Aragon por Equipos 2009"]
[Site "Aragon"]
[Date "2009.03.21"]
[Round "8.10"]
[White "Ramon Perez Jose Luis"]
[Black "Llanes Luno Ricardo"]
[Result "1-0"]
[WhiteElo "2315"]
[BlackElo "2225"]

1.e4 c5 2.Nc3 e6 3.f4 Nc6 4.Nf3 Qc7 5.d3 a6 6.a4 b6 7.Be2 Bb7 8.O-O Be7 9.Qe1
d6 10.Qg3 g6 11.Kh1 Nf6 12.Ng5 Nd4 13.Bd1 h5 14.Ne2 h4 15.Qh3 Nh5 16.Nxd4 cxd4
17.f5 gxf5 18.exf5 e5 19.Bxh5 Bxg5 20.Bf3 Bf6 21.c3 dxc3 22.bxc3 Ke7 23.Be3
Rag8 24.Bxb7 Qxb7 25.Qf3 Qxf3 26.Rxf3 Rb8 27.Rff1 Rhc8 28.Ra3 d5 29.g4 hxg3
30.hxg3 d4 31.cxd4 exd4 32.Bf4 Rh8+ 33.Kg2 Rbc8 34.Rb3 Rc3 35.Rxb6 Rxd3 36.
Re1+ 1-0

[Event "Campeonato de Aragon por Equipos 2009"]
[Site "Aragon"]
[Date "2009.03.21"]
[Round "8.11"]
[White "Lamas Mercadal Manuel"]
[Black "Delgado Salcedo Eduardo"]
[Result "1/2-1/2"]
[WhiteElo "2225"]
[BlackElo "2222"]

1.e4 c5 2.Nf3 a6 3.c3 d5 4.exd5 Qxd5 5.d4 Nc6 6.Be2 Nf6 7.c4 Qd8 8.d5 Nb8 9.
O-O g6 10.Be3 Nbd7 11.Nc3 Bg7 12.Qd2 Ng4 13.Bf4 O-O 14.Rfe1 Re8 15.Bd3 b5 16.
cxb5 Nb6 17.d6 e5 18.Qe2 c4 19.Bc2 Bb7 20.Bg3 Qxd6 21.bxa6 Rxa6 22.h3 Nh6 23.
Bxe5 Bxf3 24.Bxd6 Bxe2 25.Rxe2 Rxe2 26.Nxe2 Bxb2 27.Rd1 Kg7 28.Bc5 Na4 29.Bd4+
Bxd4 30.Rxd4 Nb2 31.a4 Nxa4 32.Rxc4 Re6 33.Nd4 Re1+ 34.Kh2 Nb6 35.Rc7 Nd5 36.
Ra7 Re7 37.Ra5 Nb4 38.Bb3 Nd3 39.f3 Rd7 40.Ne2 Nf5 41.Ng3 Nxg3 42.Kxg3 Re7 43.
Rd5 Nb4 44.Rd6 Rc7 45.h4 Nc6 46.Kh3 h5 47.Rd2 Ne5 48.Re2 Kf6 49.Bd5 Re7 50.Ra2
Nd3 51.Bc4 Nb4 52.Rb2 Rb7 53.g4 Rb8 54.g5+ Kg7 55.Kg3 Nc6 56.Rxb8 Nxb8 57.Bb5
Kf8 58.Kf4 Ke7 59.Ke5 Nd7+ 60.Bxd7 Kxd7 61.Kf6 Ke8 62.f4 Kf8 63.Ke5 Ke7 64.f5
gxf5 65.Kxf5 Kf8 66.Kf6 Kg8 67.Kf5 Kg7 68.Ke5 Kg6 69.Kf4 f6 1/2-1/2

[Event "Campeonato de Aragon por Equipos 2009"]
[Site "Aragon"]
[Date "2009.03.21"]
[Round "8.12"]
[White "Gomez Luesia Jesus"]
[Black "Roche Simon Miguel Angel"]
[Result "1-0"]
[WhiteElo "2188"]
[BlackElo "2062"]

1.d4 d5 2.c4 e6 3.Nc3 c6 4.e3 Nf6 5.Nf3 Nbd7 6.Bd3 dxc4 7.Bxc4 b5 8.Bd3 Bd6 9.
e4 e5 10.O-O O-O 11.d5 b4 12.dxc6 Nc5 13.Na4 Nxd3 14.Qxd3 Qc7 15.Rd1 Be7 16.
Qc2 Bg4 17.Bg5 Rfd8 18.Rac1 Rxd1+ 19.Rxd1 Rc8 20.Rc1 Bxf3 21.gxf3 Nh5 22.Be3
Qd6 23.c7 Qg6+ 24.Kh1 Qf6 25.Qd1 Qe6 26.Bxa7 h6 27.Be3 Bg5 28.Bxg5 hxg5 29.
Qd8+ Kh7 30.Qxg5 g6 31.Qg4 Qa6 32.Nb6 Qxb6 33.Qxc8 1-0

[Event "Campeonato de Aragon por Equipos 2009"]
[Site "Aragon"]
[Date "2009.03.21"]
[Round "8.13"]
[White "Ramiro Ovejero Juan Luis"]
[Black "Chueca Forcen Alberto"]
[Result "1/2-1/2"]
[WhiteElo "2345"]
[BlackElo "2278"]

1.d4 Nf6 2.Nf3 e6 3.Bg5 c5 4.c3 Qb6 5.Qc2 cxd4 6.cxd4 Nc6 7.Bxf6 gxf6 8.e3 d5
9.Nc3 Bd7 10.Bb5 a6 11.Bxc6 Bxc6 12.O-O Be7 13.Nd2 Rg8 14.Qxh7 Rg6 15.Nf3 Qxb2
16.Nh4 Rg4 17.Rfc1 f5 18.Nf3 Bf6 19.h3 Rg6 20.Rab1 Qa3 21.Ne2 Qf8 22.Qxg6 fxg6
23.Nf4 Kf7 24.g4 fxg4 25.hxg4 g5 26.Nh5 Rc8 27.Kg2 Bb5 28.Rh1 Rc7 29.Nxf6 Kxf6
30.Ne5 Rg7 31.a4 Bc6 32.Rb6 Qe8 33.a5 Ke7 34.Rc1 Kf8 35.Nxc6 bxc6 36.Rbxc6 Rd7
37.Rxa6 Qg6 38.Ra8+ Kg7 39.Rcc8 Qe4+ 40.Kg3 Qh1 41.Rg8+ Kf6 42.Rgf8+ Rf7 43.a6
Qh4+ 44.Kf3 Qh3+ 45.Ke2 Qxg4+ 46.Kd2 Qf3 47.Rxf7+ Kxf7 48.a7 Qxf2+ 49.Kd3 Qf1+
50.Kd2 Qf2+ 51.Kd3 Qf1+ 52.Kd2 Qf2+ 1/2-1/2

[Event "Campeonato de Aragon por Equipos 2009"]
[Site "Aragon"]
[Date "2009.03.21"]
[Round "8.14"]
[White "Hernando Garcia Antonio"]
[Black "Alonso Fernandez Revuelta Rodri"]
[Result "1-0"]
[WhiteElo "2129"]
[BlackElo "2202"]

1.c4 Nf6 2.Nf3 g6 3.Nc3 Bg7 4.g3 O-O 5.Bg2 d6 6.O-O e5 7.Rb1 a5 8.a3 h6 9.d3
Be6 10.b4 axb4 11.axb4 Qd7 12.Bb2 Bh3 13.Ra1 Nc6 14.Qb3 Bxg2 15.Kxg2 b6 16.
Rxa8 Rxa8 17.Ra1 Qc8 18.Rxa8 Qxa8 19.e4 Ne7 20.b5 Nd7 21.Qa4 Qxa4 22.Nxa4 f5
23.Ne1 Kf7 24.f3 Bf6 25.Bc1 h5 26.h3 h4 27.g4 f4 28.Bb2 g5 29.Nc3 Nc5 30.Nd5
Nxd5 31.cxd5 Be7 32.Kf2 Kf6 33.Ke2 Bd8 34.Nc2 Na4 35.Ba1 Kf7 36.Nb4 Ke8 37.Kd1
Bf6 38.Kc2 Kd7 39.Kb3 Nc5+ 40.Kc4 Kc8 41.Nc6 Nd7 42.Bc3 Nc5 43.Be1 Nd7 44.Bf2
Nf8 45.Be1 Ng6 46.Bc3 Kd7 47.Kb3 Kc8 48.Kc2 Kd7 49.Kd2 Kc8 50.Ke1 Kd7 51.Ke2
Kc8 52.d4 exd4 53.Bxd4 Be5 54.Bxe5 dxe5 55.Kd3 Kd7 56.Kc4 Kd6 57.Nb4 Kd7 58.
Nd3 Kd6 59.Kb4 Kd7 60.Nb2 Kd6 61.Nc4+ Kd7 62.d6 Kc8 63.dxc7 Kxc7 64.Kc3 Kb7
65.Nd6+ Kc7 66.Nf7 Kd7 67.Kc4 Ke6 68.Nxg5+ Kf6 69.Nh7+ Kg7 70.Kd5 Kxh7 71.Kc6
Ne7+ 72.Kxb6 Nd5+ 73.exd5 e4 74.d6 exf3 75.d7 f2 76.d8=Q f1=Q 77.Qxh4+ Kg7 78.
Qg5+ Kf7 79.Qf5+ Ke7 80.g5 Qf2+ 81.Kb7 Qg2+ 82.Kc7 f3 83.g6 Qh2+ 84.Kc6 Qd6+
85.Kb7 Qd7+ 86.Qxd7+ Kxd7 87.g7 f2 88.g8=Q f1=Q 89.Qd5+ Ke7 90.h4 Qf4 91.Qg5+
Qxg5 92.hxg5 1-0

[Event "Campeonato de Aragon por Equipos 2009"]
[Site "Aragon"]
[Date "2009.03.21"]
[Round "8.15"]
[White "Galvez Perez Jose Luis"]
[Black "Palacios Latasa Elias"]
[Result "0-1"]
[WhiteElo "2072"]
[BlackElo "2192"]

1.c4 e5 2.g3 d5 3.cxd5 Qxd5 4.Nf3 Bb4 5.Bg2 e4 6.Ng1 Nf6 7.Nc3 Bxc3 8.bxc3 O-O
9.Nh3 Nc6 10.O-O Bf5 11.f3 Rfe8 12.Nf2 Na5 13.fxe4 Bxe4 14.Nxe4 Nxe4 15.Kh1
Qh5 16.Qe1 Rad8 17.Rb1 c5 18.Rf4 Nf6 19.Bf3 Qg6 20.Ba3 b6 21.Rd1 Nd5 22.Rg4
Qc2 23.d4 Ne3 24.Rd2 Qa4 0-1

[Event "Campeonato de Aragon por Equipos 2009"]
[Site "Aragon"]
[Date "2009.03.21"]
[Round "8.16"]
[White "Sanmartin Agustin Borja"]
[Black "Carraminana Lopez Luis Antonio"]
[Result "0-1"]
[WhiteElo "2044"]
[BlackElo "1961"]

1.e4 c5 2.Nf3 Nc6 3.Bb5 g6 4.c3 Bg7 5.d4 e6 6.O-O Nge7 7.d5 a6 8.Ba4 b5 9.Bc2
Na5 10.Bg5 d6 11.Nbd2 h6 12.Bh4 g5 13.Bg3 e5 14.b4 Nb7 15.a4 Bd7 16.Ne1 c4 17.
axb5 axb5 18.f3 Ng6 19.Bf2 O-O 20.g3 h5 21.Ng2 Bh3 22.Qe2 Qf6 23.Qe3 Bh6 24.
Qb6 g4 25.Qxb7 Rxa1 26.Rxa1 Bxd2 27.fxg4 Qf3 0-1

[Event "Campeonato de Aragon por Equipos 2009"]
[Site "Aragon"]
[Date "2009.03.21"]
[Round "8.17"]
[White "Martinez Asensio Juan M"]
[Black "Colas Longares Rafael P"]
[Result "0-1"]
[WhiteElo "2180"]
[BlackElo "2330"]

1.e4 e5 2.Nf3 Nc6 3.Bb5 a6 4.Ba4 b5 5.Bb3 Nf6 6.d4 Nxd4 7.Nxd4 c5 8.c3 cxd4 9.
cxd4 Bb7 10.dxe5 Nxe4 11.O-O Bc5 12.Nc3 Nxc3 13.bxc3 Qb6 14.Bd5 O-O 15.a4 Rae8
16.Bf4 Bc6 17.Rb1 Kh8 18.Qb3 f6 19.axb5 axb5 20.exf6 Rxf6 21.Bg3 Re2 22.Bxc6
dxc6 23.Qd1 Bxf2+ 24.Kh1 Re8 25.Qd7 Rd8 26.Qg4 Qc5 27.Bc7 Rdf8 28.Rbd1 Qf5 29.
Qxf5 Rxf5 30.Rd6 Bc5 31.Rxf5 Bxd6 32.Rxf8+ Bxf8 33.Kg1 Kg8 34.Kf1 Kf7 35.Ke2
Ke6 36.Kd3 Bd6 37.Bd8 Bxh2 38.Ke4 Be5 39.Ba5 h5 0-1

[Event "Campeonato de Aragon por Equipos 2009"]
[Site "Aragon"]
[Date "2009.03.21"]
[Round "8.18"]
[White "Garcia Vicente Nieves"]
[Black "Martin Catalan Juan Vicente"]
[Result "1-0"]
[WhiteElo "2228"]
[BlackElo "2114"]

1.d4 d5 2.c4 c6 3.Nc3 Nf6 4.Nf3 a6 5.e3 Nbd7 6.a4 Ne4 7.cxd5 Nxc3 8.bxc3 cxd5
9.Qb3 e6 10.Bd3 Nf6 11.O-O Be7 12.c4 dxc4 13.Bxc4 O-O 14.Ba3 Re8 15.Ne5 Qa5
16.Rfc1 Bxa3 17.Qxa3 Nd7 18.Nf3 Nf6 19.Bd3 Nd7 20.Qd6 Qd8 21.Rc7 Nf6 22.Qxd8
Rxd8 23.Ne5 Nd7 24.Nc4 Nf6 25.Nb6 Rb8 26.Rb1 Bd7 27.Nxd7 Nxd7 28.Rbxb7 Rxb7
29.Rxb7 Nb8 30.Kf1 Kf8 31.Ke2 Rc8 32.Kd2 h5 33.h4 g6 34.Rb6 Ke7 35.a5 Kd7 36.
Bxa6 Nxa6 37.Rxa6 Rc4 38.Ra7+ Ke8 39.a6 Ra4 40.Ke2 Kf8 41.Kf3 Kg7 42.Ra8 Kf6
43.a7 Ra3 44.Ke4 Ra5 45.f3 Ra4 46.g4 hxg4 47.fxg4 Ra5 48.h5 gxh5 49.gxh5 Kg7
50.Kf4 Rf5+ 51.Kg4 Ra5 52.e4 Ra4 53.Kf4 Kh7 54.Ke5 f5 55.exf5 exf5 56.Kxf5 Kg7
57.Ke5 Ra1 58.d5 Re1+ 59.Kd6 Ra1 60.Rc8 Ra6+ 61.Rc6 1-0

[Event "Campeonato de Aragon por Equipos 2009"]
[Site "Aragon"]
[Date "2009.03.21"]
[Round "8.19"]
[White "Dominguez Bujeda Jesus"]
[Black "Cabrera Moreno Daniel"]
[Result "1-0"]
[WhiteElo "2082"]
[BlackElo "2207"]

1.d4 Nf6 2.c4 e6 3.Nc3 d5 4.cxd5 Nxd5 5.e4 Nxc3 6.bxc3 c5 7.Nf3 cxd4 8.cxd4
Bb4+ 9.Bd2 Bxd2+ 10.Qxd2 O-O 11.Bc4 Nd7 12.O-O b6 13.Rfe1 Bb7 14.Rad1 Rc8 15.
Bb3 Nf6 16.Qf4 Qc7 17.Qh4 h6 18.d5 exd5 19.e5 Ne4 20.Bxd5 Bxd5 21.Rxd5 Nc3 22.
Rd4 Kh8 23.Rg4 Qd8 24.Qg3 Rg8 25.Qf4 Qd5 26.h3 b5 27.Ng5 Qd3 28.Nxf7+ Kh7 29.
e6 Rc4 30.Rxg7+ Kxg7 31.Qxh6# 1-0

[Event "Campeonato de Aragon por Equipos 2009"]
[Site "Aragon"]
[Date "2009.03.21"]
[Round "8.21"]
[White "Lasanta Rica Cesar"]
[Black "Lafarga Santorroman David"]
[Result "1/2-1/2"]
[WhiteElo "2277"]
[BlackElo "2261"]

1.a3 d5 2.Nf3 Nf6 3.e3 g6 4.c4 Bg7 5.cxd5 Nxd5 6.Qc2 O-O 7.d3 e5 8.Bd2 Be6 9.
Be2 Nc6 10.Nc3 Nb6 11.Ne4 Qe7 12.Nc5 Bc8 13.Rc1 Nd7 14.b4 1/2-1/2